000 00416nam a2200169Ia 4500
001 4902
003 IN-NITTTR
005 20251114233004.0
008 251113s9999||||xx |||||||||||||| ||eng||
040 _beng
040 _cIN-NITTTR
041 _aeng
082 _a371.1R13D
100 _aSingh, Rajendra Pal
245 0 _aZakir Husain :
_b dynamics of indigenous education /
_cSingh, Rajendra Pal
942 _2ddc
_cBK
999 _c7539
_d7539